000 00760nam a2200217Ii 4500
003 JO-AjNU
008 230605s9999||||xx |||||||||||||| ||und||
017 _a1994/7/654
040 _aJO-AjNU
_bara
_erda
_cJO-AjNU
041 _aara
050 1 4 _aHG1616.M3.M8264 1995
100 3 _aتأليف: معلا، ناجي,
_eauthor
_933296
245 0 0 _aاستراتيجيات التسويق في المصارف والمؤسسات المالية
250 _aط1
264 3 1 _aعمان: دار آرام ، 1995
300 _a336ص
_bيحتوي على ببلوغرافية من 323-336ص
336 _atext
_btxt
_2rdacontent
337 _aunmediated
_bn
_2rdamedia
338 _avolume
_bnc
_2rdacarrier
650 4 _aادارة الاعمال- تنظيم
_933297
999 _aA13538
_c17106
_d17106